Villes avec le plus de piscines en France - Statistiques

Statistiques générales
  • Ce quiz a été pris 125 fois
  • Le résultat moyen est 8 sur 14
Statistiques - réponses
Nombre de bassins de natation Ville % Correct
85 Paris
98%
30 Marseille
97%
15 Lyon
95%
14 Toulouse
87%
12 Nice
85%
10 Montpellier
70%
8 Strasbourg
63%
8 Brest
48%
8 Dijon
43%
11 Nîmes
36%
15 Saint-Denis
28%
8 Avignon
24%
8 Le Mans
13%
9 Saint-Paul
3%
Aucun quiz correspondant
Distribution des résultats
% des personnes avec chaque résultat
Percentile par nombre de réponses
Votre historique - résultats
Vous n’avez pas pris ce quiz